Catálogo

Desarrollo local : (Registro nro. 25368)

Detalles MARC
000 -LEADER
fixed length control field 00782cam a2200229 i 4500
001 - CONTROL NUMBER
control field 25368
003 - CONTROL NUMBER IDENTIFIER
control field Mx-PuUPA
005 - DATE AND TIME OF LATEST TRANSACTION
control field 20250920112416.0
008 - FIXED-LENGTH DATA ELEMENTS--GENERAL INFORMATION
fixed length control field 140415s1999 000 0 spa d
020 ## - INTERNATIONAL STANDARD BOOK NUMBER
International Standard Book Number 9786074022179
020 ## - INTERNATIONAL STANDARD BOOK NUMBER
International Standard Book Number 9786074770438
040 ## - CATALOGING SOURCE
Transcribing agency Mx-PuUPA
041 0# - LANGUAGE CODE
Language code of text/sound track or separate title spa
082 04 - DEWEY DECIMAL CLASSIFICATION NUMBER
Classification number xx
Item number xx
Edition number 23
245 ## - TITLE STATEMENT
Title Desarrollo local :
Remainder of title teorías, políticas y experiencias /
Statement of responsibility, etc. Rocío Rosales Ortega, Pablo Chauca Malásquez, coordinadores
264 #1 - PRODUCTION, PUBLICATION, DISTRIBUTION, MANUFACTURE, AND COPYRIGHT NOTICE
Place of production, publication, distribution, manufacture México, D.F. :
Name of producer, publisher, distributor, manufacturer Plaza y Valdés,
Date of production, publication, distribution, manufacture, or copyright notice 2010
300 ## - PHYSICAL DESCRIPTION
Extent 367 páginas :
Other physical details ilustraciones ;
Dimensions 23 cm
700 1# - ADDED ENTRY--PERSONAL NAME
Personal name Rosales Ortega, Rocío,
Dates associated with a name coordinadora
700 1# - ADDED ENTRY--PERSONAL NAME
Personal name Chauca Malásquez, Pablo,
Relator term coordinadora
942 ## - ADDED ENTRY ELEMENTS (KOHA)
Source of classification or shelving scheme Dewey Decimal Classification
Koha item type Libro
Classification part xx
Item part xx
Existencias
Withdrawn status Lost status Source of classification or shelving scheme Damaged status Not for loan Collection code Home library Current library Shelving location Date acquired Source of acquisition Total Checkouts Full call number Barcode Price effective from Koha item type
    Dewey Decimal Classification   En catalogación General Biblioteca Karol Wojtyla Biblioteca Karol Wojtyla Procesos técnicos 03/12/2013 Donación   xx 47259 03/12/2013 Libro